Zákon č. .../1999 Z.z. zo 16. septembra 1999, ktorým sa mení a dopĺňa zákon Národnej rady Slovenskej republiky č. 188/1994 Z.z. ...
Znenie zákona č. .../1999 Z.z. zo 16. decembra 1999, ktorým sa mení a dopĺňa zákon NR SR č. 188/1994 Z.z. o ochrane hospodárskej súťaže v znení zákona č. 240/1998 Z.z. Zákon nadobúda účinnosť od 1. oktoróbra 1999.
Salvato in:
| Natura: | Capitolo di libro |
|---|---|
| Lingua: | slovacco |
| Soggetti: | |
| Tags: |
Nessun Tag, puoi essere il primo ad aggiungerne!!
|
MARC
| LEADER | 00000naa a2200000 4500 | ||
|---|---|---|---|
| 001 | r036462 | ||
| 005 | 20230926081552.3 | ||
| 041 | 0 | |a slo | |
| 044 | |a SK | ||
| 245 | 1 | 0 | |a Zákon č. .../1999 Z.z. zo 16. septembra 1999, ktorým sa mení a dopĺňa zákon Národnej rady Slovenskej republiky č. 188/1994 Z.z. ... |
| 520 | |a Znenie zákona č. .../1999 Z.z. zo 16. decembra 1999, ktorým sa mení a dopĺňa zákon NR SR č. 188/1994 Z.z. o ochrane hospodárskej súťaže v znení zákona č. 240/1998 Z.z. Zákon nadobúda účinnosť od 1. oktoróbra 1999. | ||
| 610 | 2 | 0 | |a súťaž hospodárska |
| 610 | 2 | 0 | |a zákony |
| 610 | 2 | 0 | |a Slovensko |
| 610 | 2 | 0 | |a novelizácia |
| 610 | 2 | 0 | |a 1999 |